Wira

Bibliographic Details
Main Author: Hashim Latiff
Format: Book
Published: Kuala Lumpur : Penerbit Orkit , 1996
Series:Bacaan Remaja
Subjects:

MARC

LEADER 00000cam a2200000 7i4500
001 0000006994
002 000007531
005 20000330.0
020 |a 9838911690 
090 0 0 |a JF   |b HAS 
100 0 |a Hashim Latiff 
245 1 0 |a Wira   |c Hashim Latiff 
260 |a Kuala Lumpur :   |b Penerbit Orkit ,   |c 1996 
300 |a 44p. :   |b ill ;   |c 21cm. 
490 0 |a Bacaan Remaja 
650 0 0 |a Children's stories 
999 |a 054425   |b BUKU   |c PINJAMAN   |e PERPUSTAKAAN KOMUNITI CAW KOTA DAMANSARA 
999 |a 054426   |b BUKU   |c PINJAMAN   |e PERPUSTAKAAN KOMUNITI PETALING JAYA